| 000 | 00334nam a2200133 a 4500 | ||
|---|---|---|---|
| 001 | 5122 | ||
| 003 | CDMR | ||
| 005 | 20130116135305.0 | ||
| 008 | 130130s1984||||||||||||||||||||||||||||d | ||
| 040 |
_aCDMR _bcat _cCPC GIRONA |
||
| 245 | 0 |
_aLenguaje en los medios de comunicación _cVaris |
|
| 260 |
_c1984 _bAsoc. Prensa Zaragoza |
||
| 942 | _cMON | ||
| 999 |
_c5122 _d5122 |
||